00612 2200229 4500001002100000005001500021035002000036245007900056100001300135250000600148300003500154700001400189260004900203082001000252084001600262020001800278650001800296990001700314990001700331990001700348990001700365INLIS00000000000058220190116115253 a0010-01190000381 aKumpulan Cerita Rakyat :bPulau Sumatra /cAmran SN; Ilustrator, Cindyawan0 aAmran SN a- aiv, 84 hlm. :bilus. ;c21 cm.0 aCindyawan aSolo :bInti Prima Aksara ( Inprasa ),c2010 a398.2 a398.2 AMR k a979-3436-40-9 aCerita Rakyat a02115/P/2018 a02116/P/2018 a02117/P/2018 a02118/P/2018